00419 2200169 4500001002100000008004100021035002000062245004200082100001500124260003100139300001100170020002200181084001400203082000800217990001200225990001200237INLIS000000000002894 IND  a0010-0925000241 aBuku Panduan Guru MTK XIIcMuh. Tohir aMuh. Tohir aJakartabKEMENDIKBUDc2022 a192c- a978-602-244-739-9 a510 MUH b a510 a0755288 a0755289